AFL - All-Australian Ruckmen - Statistics

General Stats
  • This quiz has been taken 27 times
  • The average score is 24 of 33
Answer Stats
Year Team Answer % Correct
2019 Collingwood Brodie Grundy
100%
2018 Collingwood Brodie Grundy
100%
2024 Melbourne Max Gawn
100%
2022 Melbourne Max Gawn
100%
2021 Melbourne Max Gawn
100%
2020 Melbourne Max Gawn
100%
2019 Melbourne Max Gawn
100%
2018 Melbourne Max Gawn
100%
2016 Melbourne Max Gawn
100%
2023 Bulldogs Tim English
96%
2011 West Coast Dean Cox
88%
2008 West Coast Dean Cox
88%
2007 West Coast Dean Cox
88%
2006 West Coast Dean Cox
88%
2005 West Coast Dean Cox
88%
2015 North Melbourne Todd Goldstein
79%
2021 West Coast Nic Naitanui
71%
2020 West Coast Nic Naitanui
71%
2012 West Coast Nic Naitanui
71%
2014 Fremantle Aaron Sandilands
67%
2010 Fremantle Aaron Sandilands
67%
2009 Fremantle Aaron Sandilands
67%
2008 Fremantle Aaron Sandilands
67%
2017 Port Adelaide Paddy Ryder
50%
2013 Bulldogs Will Minson
50%
2007 Port Adelaide Brendon Lade
42%
2006 Port Adelaide Brendon Lade
42%
2002 Port Adelaide Matthew Primus
42%
2001 Port Adelaide Matthew Primus
42%
2004 Melbourne Jeff White
33%
2003 Sydney Adam Goodes
29%
2003 West Coast Michael Gardiner
29%
2000 Geelong Steven King
29%
No matching quizzes found
Score Distribution
Percent of People with Each Score
Percentile by Number Answered
Your Score History
You have not taken this quiz